La empresa de grupo y el derecho de Sociedades

Sábháilte in:
Sonraí bibleagrafaíochta
Príomhchruthaitheoir: Girgado Perandones, Pablo (Údar)
Formáid: LEABHAR
Teanga:Spáinnis
Foilsithe / Cruthaithe: Granada Comares 2001
Sraith:Mercatura. Colección Estudios de Derecho Mercantil, 1
Ábhair:
Clibeanna: Cuir clib leis
Níl clibeanna ann, Bí ar an gcéad duine le clib a chur leis an taifead seo!

MARC

LEADER 00000nam a2200000 a 4500
001 UCK5047
003 CL-VaPUC
008 050708e20010000SP |||||||||||||||||spa|d
020 |a 8484443051 
082 0 4 |a 331.89  |b GIR  |2 21 
100 |a Girgado Perandones, Pablo  |e author  |9 527441 
245 1 3 |a La empresa de grupo y el derecho de Sociedades 
300 |a 441 p 
942 |c BK 
945 |d 20050708 00:00:00  |a cmena 
260 |a Granada  |b Comares  |c 2001 
650 0 |a Sistemas jurídicos  |9 493750 
650 7 |a ECONOMIA COLECTIVISTA  |2 CL-VaPUC  |9 357332 
650 0 |a Organizaciones  |9 337993 
583 |a last modification  |c 20050708 00:00:00  |k Rodrigo Vera 
490 0 |a Mercatura. Colección Estudios de Derecho Mercantil, 1 
999 |c 313737  |d 313735 
952 |0 0  |1 0  |4 0  |6 331_890000000000000_GIR_2001  |7 0  |8 A  |9 385229  |a BIBDER  |b BIBDER  |d 2019-11-22  |i 4139615  |l 2  |o 331.89 GIR 2001  |p 4139615  |r 2023-01-25  |s 2022-01-20  |w 2019-11-22  |y BK  |k DER